| 000 | 00492nam a2200181Ia 4500 | ||
|---|---|---|---|
| 001 | 17358 | ||
| 005 | 20260306171511.0 | ||
| 008 | 260306s9999||||xx |||||||||||||| ||und|| | ||
| 041 | _aESP | ||
| 082 |
_a657.76 _bH51 |
||
| 100 |
_aHicks, Douglas T. _eAUT |
||
| 245 | 0 |
_aEl sistema de costos basado en las actividades (ABC) : _bguía para su implantación en pequeñas y medianas empresas |
|
| 260 | _c1998 | ||
| 300 |
_a _c |
||
| 650 | _aGEN | ||
| 654 | _aCCO | ||
| 942 |
_cLIB _dJUS _fJUS _2ddc _n |
||
| 999 |
_c17358 _d17358 |
||